Principles of horticulture / (Record no. 9422)
[ view plain ]
| 000 -LEADER | |
|---|---|
| fixed length control field | 01255cam a2200205ua 4500 |
| 003 - CONTROL NUMBER IDENTIFIER | |
| control field | OSt |
| 008 - FIXED-LENGTH DATA ELEMENTS--GENERAL INFORMATION | |
| fixed length control field | 220218b ||||| |||| 00| 0 eng d |
| 020 ## - INTERNATIONAL STANDARD BOOK NUMBER | |
| ISBN | 0 7506 1722 5 |
| 041 ## - LANGUAGE CODE | |
| Language code of text/sound track or separate title | eng |
| 082 ## - DEWEY DECIMAL CLASSIFICATION NUMBER | |
| Classification number | 635 |
| Item number | ADA/PR |
| 100 ## - MAIN ENTRY--AUTHOR NAME | |
| Personal name | Adams, C R . |
| 245 ## - TITLE STATEMENT | |
| Title | Principles of horticulture / |
| 250 ## - EDITION STATEMENT | |
| Edition statement | 2 / |
| 260 ## - PUBLICATION, DISTRIBUTION, ETC. (IMPRINT) | |
| Place of publication | London : |
| Name of publisher | Butterworth Scientific , |
| Year of publication | 1993. |
| 300 ## - PHYSICAL DESCRIPTION | |
| Number of Pages | 204 ; . |
| 505 ## - FORMATTED CONTENTS NOTE | |
| Formatted contents note | <br/>Chapter 1 Horticulture in context <br/>Chapter 2 Climate and microclimate <br/>Chapter 3 Environment and ecology <br/>Chapter 4 Classification and naming <br/>Chapter 5 External characteristics of the plant <br/>Chapter 6 Plant cells and tissues <br/>Chapter 7 Plant reproduction <br/>Chapter 8 Plant growth <br/>Chapter 9 Transport in the plant <br/>Chapter 10 Pollination and fertilization <br/>Chapter 11 Plant development <br/>Chapter 12 Plant propagation <br/>Chapter 13 Weeds <br/>Chapter 14 Horticultural pes<br/>Chapter 15 Horticultural diseases and disorders <br/>Chapter 16 Plant protection <br/>Chapter 17 Physical properties of soil <br/>Chapter 18 Soil organic matter <br/>Chapter 19 Soil water <br/>Chapter 20 Soil pH <br/>Chapter 21 Plant nutrition <br/>Chapter 22 Alternatives to growing in the soil |
| 700 1# - ADDED ENTRY--PERSONAL NAME | |
| Personal name | Bamford, K M . |
| 700 1# - ADDED ENTRY--PERSONAL NAME | |
| Personal name | Early, M P . |
| 942 ## - ADDED ENTRY ELEMENTS (KOHA) | |
| Koha item type | Books |
| Withdrawn status | Lost status | Damaged status | Home library | Current library | Date acquired | Full call number | Accession Number | Koha item type |
|---|---|---|---|---|---|---|---|---|
| KAUAET | KAUAET | 07/04/2012 | 635 | 18434 | Books | |||
| KAUAET | KAUAET | 07/04/2012 | 635 | 21408 | Books |
